000 01484nam a2200349 a 4500
999 _c401316
_d401316
003 BLK
005 20250611114224.0
008 210319b bu ||||| |||| 00| 0 bu d
020 _a9789542834076
040 _aBLK
041 _aBUL
_cBUL
080 _aАмериканска литература (на САЩ)
_b821.111(73)
_x-9
_z821.111(73)-9
080 _aАмерикански милиардер, предприемач
_b929 Тръмп, Доналд Дж.
_z929 Тръмп, Доналд Дж.
100 _aТръмп, Мери Л.
_eпърви автор
_91299
139 _aТръмп, Мери Л.
_bТ 87
240 _aToo Much and Never Enough
245 1 0 _aТвърде много, никога достатъчно
_bКак семейството ми създаде най-опасния човек на света
_cМери Л. Тръмп; прев. от англ. Явор Недев
257 _aUSA
260 _aСофия
_bСиела Норма
_c2021
_9217021
_n978-954-28-
300 _a243 с.
_c23 см
380 _aX
500 _aОриз. загл Too Much and Never Enough/ Mary L. Trump
600 1 4 _aТръмп, Доналд Дж.
_9368202
650 7 _aСпомени
_9171719
659 _aН
700 _aНедев, Явор
_eпрев. от англ.
_91021
852 _c821-9/Т 87 М
856 4 _qpdf
856 4 _qpdf
942 _cKNG
_n0
_s1
_028
944 _aCR
_c2021-03-19
_k30542
_lРусанова Ирена